000 00605nam a2200193 4500
001 149000
003 ES-MaACL
007 t|
008 070214s1981 sp r ||||1| cat d
100 1 _aSureda, Joan.
_9108815
245 1 3 _aLa pintura románica a Catalunya /
_cJoan Sureda ; versió catalana de Josefina Lluis i Lluis.
260 _a[Madrid] :
_bAlianza,
_c[1981] (
_fGrefol)
300 _a411 p. :
_bil. ;
_c23 cm.
490 1 _aAlianza Forma
700 1 _aLluis i Lluis, Josefina.
_972974
830 0 0 _aAlianza forma
_9177869
852 _aES-MaACL
_jL-5352
_bR.105727
999 _c149000
_d149000